[Event "ISL-chT Kvika 2223"]
[Site "Reykjavik"]
[Date "2023.03.18"]
[Round "9.1"]
[White "Harmanus, Norbert"]
[Black "Bjornsson, Tomas"]
[Result "1/2-1/2"]
[WhiteElo "1962"]
[BlackElo "2169"]
[PlyCount "33"]
[EventDate "2022.10.13"]
[EventType "team-tourn"]
[EventRounds "10"]
[EventCountry "ISL"]
[SourceTitle "CBM 213 Extra"]
[Source "ChessBase"]
[SourceDate "2023.05.31"]
[SourceVersion "1"]
[SourceVersionDate "2023.05.31"]
[SourceQuality "1"]
[WhiteTeam "Skakdeild KR"]
[BlackTeam "Vikingaklubburinn"]
[WhiteTeamCountry "ISL"]
[BlackTeamCountry "ISL"]

1. d4 Nf6 2. Bf4 g6 3. e3 Bg7 4. h3 0-0 5. Nf3 c5 6. c3 b6 7. Nbd2 Bb7 8. Be2 d6 9. 0-0 Nbd7 10. Re1 Re8 11. Bh2 Ne4 12. Qb3 Nxd2 13. Nxd2 Nf6 14. Rad1 Qc8 15. Bf3 Bxf3 16. Nxf3 Qf5 17. Re2 1/2-1/2

[Event "Reykjavik op"]
[Site "Reykjavik"]
[Date "2019.04.14"]
[Round "7"]
[White "Kjartansson, Gudmundur"]
[Black "Bjornsson, Tomas"]
[Result "1-0"]
[WhiteElo "2444"]
[BlackElo "2156"]
[PlyCount "71"]
[EventDate "2019.04.08"]
[EventType "swiss"]
[EventRounds "9"]
[EventCountry "ISL"]
[SourceTitle "CBM 189 Extra"]
[Source "ChessBase"]
[SourceDate "2019.06.03"]
[SourceVersion "1"]
[SourceVersionDate "2019.06.03"]
[SourceQuality "1"]

1. d4 d5 2. Nf3 Nf6 3. c4 e6 4. Nc3 c6 5. e3 Nbd7 6. Qc2 Bd6 7. Bd3 0-0 8. 0-0 dxc4 9. Bxc4 e5 10. h3 exd4 11. exd4 Nb6 12. Bb3 Nbd5 13. Bg5 h6 14. Bxf6 Nxf6 15. Ne5 Bc7 16. Rad1 Qd6 17. Rfe1 Be6 18. Bxe6 Qxe6 19. d5 cxd5 20. Ng4 Qc6 21. Nxf6+ gxf6 22. Qf5 Rfe8 23. Nxd5 Rxe1+ 24. Rxe1 Kg7 25. Qg4+ Kh7 26. Qh5 Rf8 27. g3 Bb6 28. Qf5+ Kg7 29. Re4 Rd8 30. Ne7 Qc1+ 31. Kg2 Qxb2 32. Qg4+ Kh7 33. Re2 Qd4 34. Qh5 Qc4 35. Nf5 Qd5+ 36. Kh2 1-0

[Event "EU-Cup 33rd"]
[Site "Antalya"]
[Date "2017.10.14"]
[Round "7.6"]
[White "Reimanis, Ritvars"]
[Black "Bjornsson, Tomas"]
[Result "1-0"]
[WhiteElo "2294"]
[BlackElo "2130"]
[PlyCount "101"]
[EventDate "2017.10.08"]
[EventType "team-swiss"]
[EventRounds "7"]
[EventCountry "TUR"]
[SourceTitle "CBM 181"]
[Source "ChessBase"]
[SourceDate "2017.11.10"]
[SourceVersion "1"]
[SourceVersionDate "2017.11.10"]
[SourceQuality "1"]
[WhiteTeam "Riga Technical Univ"]
[BlackTeam "Fjolnir"]
[WhiteTeamCountry "LAT"]
[BlackTeamCountry "ISL"]

1. d4 Nf6 2. c4 e6 3. Nc3 Bb4 4. Qc2 d5 5. cxd5 exd5 6. Bg5 0-0 7. e3 h6 8. Bh4 Re8 9. Nf3 Nbd7 10. Bd3 c6 11. 0-0 Be7 12. Bg3 Nf8 13. Rab1 Nh5 14. b4 Nxg3 15. hxg3 a6 16. a4 Bd6 17. b5 axb5 18. axb5 Bg4 19. bxc6 bxc6 20. Na4 Qf6 21. Nh2 Bd7 22. Nb6 Rad8 23. Ra1 h5 24. Ra6 h4 25. Nxd7 Nxd7 26. gxh4 Bxh2+ 27. Kxh2 Qxh4+ 28. Kg1 Nf6 29. g3 Qh3 30. Bf5 Qh5 31. Rxc6 Qf3 32. Bh3 Ne4 33. Qd1 Ng5 34. Qxf3 Nxf3+ 35. Kg2 Nd2 36. Ra1 Rb8 37. Rc2 Ne4 38. Ra5 Red8 39. Bg4 g6 40. Bf3 f5 41. Ra6 Kh7 42. Be2 Rd7 43. Bd3 Rb3 44. Bxe4 fxe4 45. Rcc6 Rg7 46. Rf6 Rb5 47. Rad6 Ra5 48. g4 g5 49. Rf5 Ra1 50. Rfxd5 Rb7 51. Rd7+ 1-0

[Event "Prague Summer op 4th"]
[Site "Prague"]
[Date "2017.08.09"]
[Round "7"]
[White "Sprenar, Petr"]
[Black "Bjornsson, Tomas"]
[Result "1/2-1/2"]
[WhiteElo "1999"]
[BlackElo "2169"]
[PlyCount "22"]
[EventDate "2017.08.04"]
[EventType "swiss"]
[EventRounds "9"]
[EventCountry "CZE"]
[SourceTitle "CBM 179 Extra"]
[Source "ChessBase"]
[SourceDate "2017.08.23"]
[SourceVersion "1"]
[SourceVersionDate "2017.08.23"]
[SourceQuality "1"]

1. d4 Nf6 2. Bf4 g6 3. Nc3 Bg7 4. e4 d6 5. Qd2 c6 6. Nf3 0-0 7. 0-0-0 b5 8. Bd3 Be6 9. Kb1 b4 10. Ne2 Qb6 11. Bh6 Bg4 1/2-1/2

[Event "Prague Summer op 4th"]
[Site "Prague"]
[Date "2017.08.07"]
[Round "5"]
[White "Knight, David"]
[Black "Bjornsson, Tomas"]
[Result "1/2-1/2"]
[WhiteElo "1932"]
[BlackElo "2169"]
[PlyCount "72"]
[EventDate "2017.08.04"]
[EventType "swiss"]
[EventRounds "9"]
[EventCountry "CZE"]
[SourceTitle "CBM 179 Extra"]
[Source "ChessBase"]
[SourceDate "2017.08.23"]
[SourceVersion "1"]
[SourceVersionDate "2017.08.23"]
[SourceQuality "1"]

1. e4 c5 2. Nf3 Nc6 3. d4 cxd4 4. Nxd4 Nf6 5. Nc3 d6 6. Bg5 e6 7. Qd2 Be7 8. f3 0-0 9. 0-0-0 d5 10. exd5 Nxd5 11. Bxe7 Ncxe7 12. Nb3 Qb6 13. Nxd5 Nxd5 14. c4 Ne3 15. c5 Nxf1 16. Rhxf1 Qa6 17. Kb1 e5 18. Qd6 Bf5+ 19. Ka1 Qe2 20. Qd2 Qb5 21. Qa5 Qe2 22. Qd2 Qb5 23. Qa5 a6 24. Qxb5 axb5 25. Rd2 Rfc8 26. Rc1 Be6 27. Rd3 Ra6 28. Rcd1 Kf8 29. Rd8+ Rxd8 30. Rxd8+ Ke7 31. Rd3 Bc4 32. Re3 Ke6 33. c6 Bxb3 34. cxb7 Rb6 35. Rxb3 Rxb7 36. Rb4 Kd6 1/2-1/2

[Event "Reykjavik op"]
[Site "Reykjavik"]
[Date "2016.03.16"]
[Round "10"]
[White "Raddatz, Michael"]
[Black "Bjornsson, Tomas"]
[Result "1/2-1/2"]
[WhiteElo "2023"]
[BlackElo "2175"]
[PlyCount "123"]
[EventDate "2016.03.08"]
[EventType "swiss"]
[EventRounds "10"]
[EventCountry "ISL"]
[SourceTitle "CBM 171 Extra"]
[Source "ChessBase"]
[SourceDate "2016.04.26"]
[SourceVersion "1"]
[SourceVersionDate "2016.04.26"]
[SourceQuality "1"]

1. e4 c5 2. Nf3 d6 3. d4 cxd4 4. Nxd4 Nf6 5. Nc3 Nc6 6. Bg5 e6 7. Qd2 Be7 8. 0-0-0 0-0 9. f4 h6 10. Bxf6 Bxf6 11. Nxc6 bxc6 12. Qxd6 Qb6 13. e5 Rd8 14. Qa3 Qe3+ 15. Kb1 Rxd1+ 16. Nxd1 Qxa3 17. bxa3 Rb8+ 18. Kc1 Be7 19. c3 Bxa3+ 20. Kc2 Kf8 21. Bc4 Ke7 22. Re1 Bd7 23. Bb3 Rg8 24. g4 g5 25. f5 h5 26. f6+ Kd8 27. Nf2 hxg4 28. Ne4 Rh8 29. Re2 Rh5 30. Bc4 Bf8 31. Rd2 Kc7 32. Be2 Rxh2 33. Bxg4 Rxd2+ 34. Kxd2 c5 35. Kd3 Bb5+ 36. c4 Be8 37. Nxg5 Bh6 38. Ne4 Bf4 39. Nd6 Bxe5 40. Nxe8+ Kd7 41. Ng7 Bxf6 42. Nh5 Bb2 43. Ng3 f5 44. Bxf5 exf5 45. Nxf5 Bf6 46. Ke4 Kc6 47. Ne3 Bb2 48. Nd5 Bd4 49. Ne7+ Kb6 50. Kd5 Bf2 51. Nc6 Bg1 52. Ne5 Ka5 53. Nd3 Ka4 54. Nxc5+ Ka3 55. Nb3 Kxa2 56. Nd4 a5 57. c5 a4 58. c6 Bh2 59. Nb5 Kb2 60. Nd6 Bxd6 61. Kxd6 a3 62. c7 1/2-1/2

[Event "Reykjavik op"]
[Site "Reykjavik"]
[Date "2016.03.13"]
[Round "7"]
[White "Bjornsson, Tomas"]
[Black "Runarsson, Gunnar Freyr"]
[Result "1-0"]
[WhiteElo "2175"]
[BlackElo "2028"]
[PlyCount "71"]
[EventDate "2016.03.08"]
[EventType "swiss"]
[EventRounds "10"]
[EventCountry "ISL"]
[SourceTitle "CBM 171 Extra"]
[Source "ChessBase"]
[SourceDate "2016.04.26"]
[SourceVersion "1"]
[SourceVersionDate "2016.04.26"]
[SourceQuality "1"]

1. d4 d5 2. c4 Nf6 3. Nc3 e6 4. Bg5 Be7 5. Qc2 h6 6. Bh4 c6 7. e3 0-0 8. Nf3 Nbd7 9. Bd3 dxc4 10. Bxc4 Nd5 11. Bg3 Nxc3 12. bxc3 b5 13. Bd3 Bb7 14. 0-0 a6 15. Rfd1 Rc8 16. a4 Nf6 17. c4 Nh5 18. c5 Nxg3 19. hxg3 Bf6 20. Bh7+ Kh8 21. Be4 Qc7 22. axb5 cxb5 23. Bxb7 Qxb7 24. Nd2 e5 25. Qe4 Qxe4 26. Nxe4 exd4 27. exd4 Ra8 28. Nxf6 gxf6 29. d5 a5 30. c6 Ra6 31. Rac1 b4 32. c7 b3 33. c8Q Rxc8 34. Rxc8+ Kg7 35. d6 b2 36. Rb8 1-0

[Event "Reykjavik op"]
[Site "Reykjavik"]
[Date "2016.03.11"]
[Round "5"]
[White "Lehner, Oliver"]
[Black "Bjornsson, Tomas"]
[Result "1-0"]
[WhiteElo "2418"]
[BlackElo "2175"]
[PlyCount "59"]
[EventDate "2016.03.08"]
[EventType "swiss"]
[EventRounds "10"]
[EventCountry "ISL"]
[SourceTitle "CBM 171 Extra"]
[Source "ChessBase"]
[SourceDate "2016.04.26"]
[SourceVersion "1"]
[SourceVersionDate "2016.04.26"]
[SourceQuality "1"]

1. e4 e5 2. Nf3 Nf6 3. Nxe5 d6 4. Nf3 Nxe4 5. d4 d5 6. Bd3 Be7 7. 0-0 0-0 8. c4 Nf6 9. Nc3 Nc6 10. Re1 Bg4 11. cxd5 Nxd5 12. h3 Be6 13. a3 Bf6 14. Bc2 Nxc3 15. bxc3 g6 16. Bf4 Qd7 17. Nd2 b6 18. Qf3 Bd5 19. Qg3 Ne7 20. Bxc7 Nf5 21. Bxf5 Qxf5 22. Be5 Rac8 23. Bxf6 Qxf6 24. Re5 Rfd8 25. Rae1 Qc6 26. h4 Qa4 27. Qg5 Be6 28. Ne4 Qxa3 29. d5 Bd7 30. Qh6 1-0

[Event "ISL-chT 1516"]
[Site "Reykjavik"]
[Date "2015.09.25"]
[Round "2.2"]
[White "Bjornsson, Tomas"]
[Black "Gunnlaugsson, Gisli"]
[Result "1-0"]
[WhiteElo "2144"]
[BlackElo "1856"]
[PlyCount "97"]
[EventDate "2015.09.24"]
[EventType "team-tourn"]
[EventRounds "9"]
[EventCountry "ISL"]
[SourceTitle "EXT 2017"]
[Source "ChessBase"]
[SourceDate "2016.10.25"]
[SourceVersion "1"]
[SourceVersionDate "2016.10.25"]
[SourceQuality "1"]
[WhiteTeam "Fjolnir"]
[BlackTeam "Bolungarvik"]
[WhiteTeamCountry "ISL"]
[BlackTeamCountry "ISL"]

1. e4 c5 2. Nf3 d6 3. d4 cxd4 4. Nxd4 Nf6 5. Nc3 a6 6. Bg5 e6 7. f4 Be7 8. Qf3 Qc7 9. 0-0-0 Nc6 10. Nxc6 Qxc6 11. Bd3 h6 12. Bh4 Bd7 13. g4 0-0-0 14. Bf2 Qc7 15. h4 Bc6 16. g5 Nd7 17. Qg4 Nc5 18. Nd5 Bxd5 19. exd5 Qd7 20. Bxc5 dxc5 21. dxe6 fxe6 22. Bxa6 Qc7 23. Bc4 Rd4 24. Bxe6+ Kb8 25. Rxd4 cxd4 26. Rd1 hxg5 27. fxg5 Bc5 28. Bd5 Qh2 29. Qd7 Qc7 30. Qxc7+ Kxc7 31. Rh1 Bd6 32. Kd1 Bg3 33. h5 Bf4 34. g6 b6 35. Ke2 Kd6 36. Bf7 Rc8 37. Kd3 Be5 38. h6 gxh6 39. Rxh6 Ke7 40. Rh3 Rc6 41. Rf3 Rf6 42. Rxf6 Bxf6 43. a4 Kd6 44. b4 Kc6 45. Ke4 Kd6 46. Kf5 Bg7 47. Bc4 Bh8 48. a5 bxa5 49. bxa5 1-0

[Event "ISL-chT 1415"]
[Site "Reykjavik"]
[Date "2015.03.19"]
[Round "6.4"]
[White "Sigurjonsson, Stefan Thor"]
[Black "Bjornsson, Tomas"]
[Result "1/2-1/2"]
[WhiteElo "2143"]
[BlackElo "2161"]
[PlyCount "62"]
[EventDate "2014.10.02"]
[EventType "team-tourn"]
[EventRounds "9"]
[EventCountry "ISL"]
[SourceTitle "EXT 2016"]
[Source "ChessBase"]
[SourceDate "2015.10.08"]
[SourceVersion "1"]
[SourceVersionDate "2015.10.08"]
[SourceQuality "1"]
[WhiteTeam "Vikingaklubburinn"]
[BlackTeam "Fjolnis"]
[WhiteTeamCountry "ISL"]
[BlackTeamCountry "ISL"]

1. e4 d5 2. exd5 Nf6 3. d4 Nxd5 4. Nc3 Nxc3 5. bxc3 g6 6. Bc4 Bg7 7. Nf3 0-0 8. 0-0 c5 9. h3 Nc6 10. Be3 Qc7 11. Qd2 b6 12. Bh6 Bb7 13. Bxg7 Kxg7 14. Qe3 cxd4 15. cxd4 Nb4 16. Qb3 Nc6 17. Be2 Na5 18. Qb2 Rac8 19. Rac1 Qc3 20. Qxc3 Rxc3 21. Ne5 Rfc8 22. Bd3 Rd8 23. f4 Rxd4 24. f5 gxf5 25. Rxf5 f6 26. Rcf1 Rc5 27. Rg5+ fxg5 28. Rf7+ Kh8 29. Rf8+ Kg7 30. Rf7+ Kh8 31. Rf8+ Kg7 1/2-1/2

[Event "ISL-chT 1415"]
[Site "Reykjavik"]
[Date "2014.10.04"]
[Round "4.3"]
[White "Bjornsson, Tomas"]
[Black "Dadason, Gudmundur"]
[Result "1/2-1/2"]
[WhiteElo "2161"]
[BlackElo "2143"]
[PlyCount "35"]
[EventDate "2014.10.02"]
[EventType "team-tourn"]
[EventRounds "9"]
[EventCountry "ISL"]
[SourceTitle "EXT 2015"]
[Source "ChessBase"]
[SourceDate "2014.11.20"]
[SourceVersion "1"]
[SourceVersionDate "2014.11.20"]
[SourceQuality "1"]
[WhiteTeam "Fjolnis"]
[BlackTeam "Bolungarvik"]
[WhiteTeamCountry "ISL"]
[BlackTeamCountry "ISL"]

1. e4 c5 2. Nf3 d6 3. d4 cxd4 4. Nxd4 Nf6 5. Nc3 Nc6 6. Bg5 e5 7. Nb3 h6 8. Bxf6 gxf6 9. Bc4 Be6 10. Bxe6 fxe6 11. Qh5+ Ke7 12. 0-0 a6 13. f4 exf4 14. Rxf4 Qe8 15. Qh3 h5 16. Raf1 Rh6 17. Qg3 Rg6 18. Qh3 1/2-1/2

[Event "ISL-chT 1415"]
[Site "Reykjavik"]
[Date "2014.10.02"]
[Round "1.5"]
[White "Bergsson, Stefan"]
[Black "Bjornsson, Tomas"]
[Result "1-0"]
[WhiteElo "2101"]
[BlackElo "2161"]
[PlyCount "85"]
[EventDate "2014.10.02"]
[EventType "team-tourn"]
[EventRounds "9"]
[EventCountry "ISL"]
[SourceTitle "EXT 2015"]
[Source "ChessBase"]
[SourceDate "2014.11.20"]
[SourceVersion "1"]
[SourceVersionDate "2014.11.20"]
[SourceQuality "1"]
[WhiteTeam "Akureyri"]
[BlackTeam "Fjolnis"]
[WhiteTeamCountry "ISL"]
[BlackTeamCountry "ISL"]

1. d4 Nf6 2. c4 e6 3. Nc3 Bb4 4. e3 d5 5. Bd3 0-0 6. Nge2 b6 7. 0-0 Bb7 8. cxd5 Nxd5 9. e4 Nxc3 10. bxc3 Be7 11. Ng3 Nd7 12. Qh5 g6 13. Qh3 c5 14. Bh6 Re8 15. Rad1 cxd4 16. cxd4 Bg5 17. Bxg5 Qxg5 18. f4 Qe7 19. f5 exf5 20. exf5 Bd5 21. Kh1 Rac8 22. Qg4 Nf8 23. Nh5 Kh8 24. fxg6 fxg6 25. Nf6 Be6 26. Qf4 Red8 27. Rde1 Qg7 28. Re5 Rc3 29. Ba6 Bf5 30. Ne8 Qf7 31. Rfe1 Be6 32. Nf6 Bf5 33. Qh4 Rd6 34. Ne8 Re6 35. Qd8 Rxe5 36. dxe5 Rc6 37. Nd6 Qg7 38. Bc4 h6 39. Nxf5 gxf5 40. e6 Rxc4 41. e7 Kg8 42. e8Q Rc2 43. Qd5+ 1-0

[Event "Pardubice Czech op-A 25th"]
[Site "Pardubice"]
[Date "2014.07.19"]
[Round "2"]
[White "Bjornsson, Tomas"]
[Black "Suran, Jan"]
[Result "1/2-1/2"]
[WhiteElo "2144"]
[BlackElo "2368"]
[PlyCount "158"]
[EventDate "2014.07.18"]
[EventType "swiss"]
[EventRounds "9"]
[EventCountry "CZE"]
[SourceTitle "CBM 161 Extra"]
[Source "ChessBase"]
[SourceDate "2014.08.29"]
[SourceVersion "1"]
[SourceVersionDate "2014.08.29"]
[SourceQuality "1"]

1. e4 c5 2. Nf3 e6 3. d4 cxd4 4. Nxd4 Nf6 5. Bd3 Nc6 6. Nxc6 dxc6 7. 0-0 e5 8. Qe2 Bc5 9. Be3 Qe7 10. Nd2 0-0 11. Bxc5 Qxc5 12. Nb3 Qb6 13. Kh1 Bg4 14. f3 Bd7 15. Qd2 Be6 16. Qc3 Bxb3 17. axb3 Qc7 18. Rfd1 Rfd8 19. Be2 a6 20. g3 h6 21. Kg2 Nh7 22. Qe3 Nf8 23. c3 a5 24. Rxd8 Rxd8 25. Rd1 Rxd1 26. Bxd1 Ne6 27. Be2 b5 28. Kf2 Kf8 29. Bf1 Qd6 30. Bd3 Ke7 31. Ke2 Qc5 32. Qxc5+ Nxc5 33. Bc2 g5 34. Ke3 Kd6 35. Bd1 f6 36. Bc2 Ne6 37. Kd3 Kc5 38. Bd1 Nd8 39. Bc2 Nf7 40. Bd1 Nh8 41. Bc2 Ng6 42. Bd1 h5 43. Bc2 h4 44. Bd1 hxg3 45. hxg3 Nh8 46. g4 Nf7 47. Bc2 Nd6 48. Bd1 Nc8 49. Bc2 b4 50. Bd1 bxc3 51. bxc3 Nd6 52. Kc2 Kb6 53. Be2 c5 54. Bf1 c4 55. b4 Kb5 56. bxa5 Kxa5 57. Be2 Kb5 58. Bd1 Nb7 59. Be2 Nc5 60. Kd2 Na4 61. Kc2 Nb6 62. Kb2 Nd7 63. Kc2 Nc5 64. Bf1 Ne6 65. Be2 Nf4 66. Bf1 Ng6 67. Be2 Nh4 68. Kd2 Ng2 69. Bf1 Nf4 70. Kc2 Kc5 71. Kd2 Ne6 72. Kc2 Nc7 73. Be2 Kb5 74. Kd2 Na8 75. Kc2 Nb6 76. Kb2 Ka5 77. Bf1 Ka4 78. Be2 Kb5 79. Kc2 Na4 1/2-1/2